| 000 | 01199nam a2200253Ia 4500 | ||
|---|---|---|---|
| 999 |
_c40614 _d40614 |
||
| 001 | 7241 | ||
| 003 | GE_BSU | ||
| 005 | 20210407165858.0 | ||
| 008 | 181216s2012||||ge |||||||||||||| ||geo|| | ||
| 020 | _a9789941928284 | ||
| 040 | _cGE_BSU | ||
| 041 | _ageo | ||
| 080 | _a821.353.1-31 რ-63 | ||
| 100 |
_aრიჟვაძე, როინი _911159 |
||
| 245 |
_a33 რომანი : _bეძღვნება დაობლებულ და დაქვრივებულ ოჯახებს / _cროინ რიჟვაძე ; [რედ.: შაქრო ჩიკვაიძე, დავით კახაბერი]. |
||
| 264 |
_aთბილისი : _bმერანი, _c2012. |
||
| 300 |
_a406 გვ; _b20 სმ. |
||
| 653 | _a33 რომანი. | ||
| 653 | _aვუძღვნი დაობლებულ და დაქვრივებულ ოჯახებს. | ||
| 653 | _aპოლიტიკური ტრილერი | ||
| 700 |
_aჩიკვაიძე, შაქრო _eრედაქტორი _95849 |
||
| 700 |
_a კახაბერი, დავით _eრედაქტორი _911160 |
||
| 942 |
_cBK _2udc |
||